[Event "Mecklenburg VP Verbandsliga 2223"]
[Site "Mecklenburg VP"]
[Date "2023.05.07"]
[Round "9.4"]
[White "Roeste, Hugo"]
[Black "Paulowitz, Bernd Rainer"]
[Result "1/2-1/2"]
[WhiteElo "1613"]
[BlackElo "1904"]
[PlyCount "44"]
[EventDate "2022.10.23"]
[EventType "team-tourn"]
[EventRounds "9"]
[EventCountry "GER"]
[SourceTitle "EXT 2024"]
[Source "ChessBase"]
[SourceDate "2023.10.10"]
[SourceVersion "1"]
[SourceVersionDate "2023.10.10"]
[SourceQuality "1"]
[WhiteTeam "Makkabi Rostock"]
[BlackTeam "Stralsund HSG"]
[WhiteTeamCountry "GER"]
[BlackTeamCountry "GER"]

1. d4 Nf6 2. c4 e6 3. Nc3 Bb4 4. Qc2 c5 5. dxc5 Bxc5 6. Bg5 Bxf2+ 7. Kxf2 Ng4+ 8. Ke1 Qxg5 9. Nf3 Qc5 10. Ne4 Qb4+ 11. Qc3 Qxc3+ 12. Nxc3 Nc6 13. h3 Ne3 14. Rc1 0-0 15. b3 d5 16. Kf2 Nxf1 17. cxd5 exd5 18. Nxd5 Nh2 19. Nxh2 Bf5 20. Nf3 Be4 21. Nc3 Bxf3 22. gxf3 Rad8 1/2-1/2

[Event "Mecklenburg VP Verbandsliga 2223"]
[Site "Mecklenburg VP"]
[Date "2023.03.19"]
[Round "7.3"]
[White "Jung, Werner"]
[Black "Roeste, Hugo"]
[Result "1/2-1/2"]
[WhiteElo "2009"]
[BlackElo "1613"]
[PlyCount "94"]
[EventDate "2022.10.23"]
[EventType "team-tourn"]
[EventRounds "9"]
[EventCountry "GER"]
[SourceTitle "EXT 2024"]
[Source "ChessBase"]
[SourceDate "2023.10.10"]
[SourceVersion "1"]
[SourceVersionDate "2023.10.10"]
[SourceQuality "1"]
[WhiteTeam "Schwerin SF II"]
[BlackTeam "Makkabi Rostock"]
[WhiteTeamCountry "GER"]
[BlackTeamCountry "GER"]

1. e4 c5 2. Nf3 a6 3. d4 cxd4 4. Nxd4 Nf6 5. Nc3 e5 6. Nb3 Bb4 7. Bd2 0-0 8. f3 Nc6 9. a3 Bxc3 10. Bxc3 d5 11. exd5 Nxd5 12. Qd2 Bf5 13. Bd3 Bxd3 14. Qxd3 Nxc3 15. Qxc3 Rc8 16. Qd3 Qxd3 17. cxd3 Rfd8 18. Kd2 Rc7 19. Rac1 Rdc8 20. Rc3 Nd4 21. Nxd4 exd4 22. Rxc7 Rxc7 23. Re1 Kf8 24. Re4 Rd7 25. Kc2 f5 26. Re5 g6 27. Kb3 Kf7 28. Kc4 b5+ 29. Kc5 Rc7+ 30. Kxd4 Rc2 31. Rc5 Rxg2 32. Rc7+ Kf6 33. Rxh7 Rxb2 34. Ra7 Rxh2 35. f4 Rg2 36. Rxa6+ Ke7 37. Rb6 Ra2 38. Rxb5 Rxa3 39. Rb7+ Kf6 40. Rb6+ Kf7 41. Rc6 Ra4+ 42. Rc4 Ra5 43. Rc5 Ra4+ 44. Ke5 Ra7 45. Rc6 Ra5+ 46. Kd4 Ra4+ 47. Rc4 Ra5 1/2-1/2

[Event "Mecklenburg VP LL2 West 2122"]
[Site "Mecklenburg VP"]
[Date "2022.05.01"]
[Round "9.3"]
[White "Goldbach, Aaron"]
[Black "Roeste, Hugo"]
[Result "0-1"]
[WhiteElo "1859"]
[BlackElo "1597"]
[PlyCount "112"]
[EventDate "2021.10.24"]
[EventType "team-tourn"]
[EventRounds "9"]
[EventCountry "GER"]
[SourceTitle "EXT 2024"]
[Source "ChessBase"]
[SourceDate "2023.10.10"]
[SourceVersion "1"]
[SourceVersionDate "2023.10.10"]
[SourceQuality "1"]
[WhiteTeam "Mecklenburger Springer SC"]
[BlackTeam "Rostock Makkabi"]
[WhiteTeamCountry "GER"]
[BlackTeamCountry "GER"]

1. c4 e6 2. g3 Nf6 3. Bg2 d5 4. Nf3 Be7 5. 0-0 0-0 6. b3 Nbd7 7. Bb2 b6 8. d3 Bb7 9. Nbd2 c5 10. e3 Qc7 11. Rc1 Rac8 12. Qe2 Qb8 13. cxd5 Nxd5 14. e4 Nb4 15. a3 Nc6 16. d4 cxd4 17. Nxd4 Nxd4 18. Bxd4 Bxa3 19. Rxc8 Rxc8 20. Qg4 Ne5 21. Bxe5 Qxe5 22. Nc4 Qc5 23. Ra1 Bb4 24. Rxa7 Bc6 25. Qf4 Be8 26. Ra1 b5 27. Ne3 Bd2 28. e5 Qc3 29. Rb1 h6 30. Be4 Bc6 31. Qf3 Bxe3 32. fxe3 Bxe4 33. Qxe4 Qc2 34. Qxc2 Rxc2 35. e4 Re2 36. Rc1 Rxe4 37. Rc5 Rb4 38. Rc3 Kh7 39. Kf2 Kg6 40. Kf3 Kf5 41. Re3 Rd4 42. h3 h5 43. Rc3 Kxe5 44. Ke3 Rd5 45. Rc7 Kf6 46. Rb7 g5 47. Ke4 Kg6 48. g4 hxg4 49. hxg4 f5+ 50. gxf5+ Rxf5 51. Rb6 Kf6 52. Rb8 Rf4+ 53. Ke3 Rb4 54. Rf8+ Ke5 55. Rg8 Rxb3+ 56. Kf2 Kf4 0-1

[Event "Neubrandenburg-chB"]
[Site "Neubrandenburg"]
[Date "2022.04.12"]
[Round "7"]
[White "Herrmann, Jakob"]
[Black "Roeste, Hugo"]
[Result "1/2-1/2"]
[WhiteElo "1612"]
[BlackElo "1597"]
[PlyCount "92"]
[EventDate "2022.04.09"]
[EventType "swiss"]
[EventRounds "7"]
[EventCountry "GER"]
[SourceTitle "CBM 207 Extra"]
[Source "ChessBase"]
[SourceDate "2022.05.31"]
[SourceVersion "1"]
[SourceVersionDate "2022.05.31"]
[SourceQuality "1"]

1. e4 c5 2. Ne2 e6 3. d4 cxd4 4. Nxd4 a6 5. Nc3 Qc7 6. g3 Nc6 7. Bg2 Nf6 8. 0-0 Be7 9. Be3 0-0 10. Nxc6 bxc6 11. g4 d5 12. g5 Nd7 13. f4 Bc5 14. Bxc5 Nxc5 15. Kh1 Bb7 16. Qd4 Nxe4 17. Nxe4 dxe4 18. Qxe4 Rab8 19. Qe2 c5 20. b3 Bxg2+ 21. Kxg2 Qc6+ 22. Qf3 Qxf3+ 23. Kxf3 Rfd8 24. Rad1 Kf8 25. Ke4 f6 26. c3 Ke7 27. h4 h5 28. Rg1 Kf7 29. Ke3 f5 30. g6+ Ke7 31. Rxd8 Rxd8 32. Rg5 Rh8 33. Kd3 Kf6 34. b4 cxb4 35. cxb4 Rd8+ 36. Ke3 Rb8 37. a3 a5 38. Rxh5 axb4 39. axb4 Kxg6 40. Rg5+ Kf6 41. h5 Rxb4 42. Rg6+ Kf7 43. Rg5 Rb3+ 44. Kf2 Rh3 45. Kg2 Ra3 46. Kf2 Kf6 1/2-1/2

[Event "Neubrandenburg-chB"]
[Site "Neubrandenburg"]
[Date "2022.04.11"]
[Round "6"]
[White "Roeste, Hugo"]
[Black "Ederle, Artoem"]
[Result "1-0"]
[WhiteElo "1597"]
[BlackElo "1547"]
[PlyCount "77"]
[EventDate "2022.04.09"]
[EventType "swiss"]
[EventRounds "7"]
[EventCountry "GER"]
[SourceTitle "CBM 207 Extra"]
[Source "ChessBase"]
[SourceDate "2022.05.31"]
[SourceVersion "1"]
[SourceVersionDate "2022.05.31"]
[SourceQuality "1"]

1. d4 Nf6 2. c4 c5 3. d5 e6 4. Nc3 exd5 5. cxd5 d6 6. e4 g6 7. Bg5 Bg7 8. Bd3 0-0 9. f4 Re8 10. Nf3 Bg4 11. 0-0 a6 12. a4 Qc7 13. h3 Bxf3 14. Qxf3 Nbd7 15. Bc2 h6 16. Bh4 c4 17. Kh1 Rab8 18. a5 Nc5 19. Bf2 Nfd7 20. Rfe1 b5 21. axb6 Rxb6 22. Na4 Rb5 23. Nxc5 Nxc5 24. Bxc5 Rxc5 25. Rxa6 Bxb2 26. Rb1 c3 27. f5 g5 28. Qg3 Re5 29. h4 f6 30. hxg5 hxg5 31. Ra8+ Kg7 32. Qh3 Qc8 33. Rxc8 Rxc8 34. Qe3 Rce8 35. g4 R5e7 36. Qb6 Ba3 37. Rb3 Bc5 38. Qc6 Ra7 39. Qxe8 1-0

[Event "Mecklenburg VP LL2 West 2122"]
[Site "Mecklenburg VP"]
[Date "2021.11.21"]
[Round "3.5"]
[White "Roeste, Hugo"]
[Black "Wagner, Mario"]
[Result "1-0"]
[WhiteElo "1597"]
[BlackElo "1588"]
[PlyCount "99"]
[EventDate "2021.10.24"]
[EventType "team-tourn"]
[EventRounds "9"]
[EventCountry "GER"]
[SourceTitle "EXT 2024"]
[Source "ChessBase"]
[SourceDate "2023.10.10"]
[SourceVersion "1"]
[SourceVersionDate "2023.10.10"]
[SourceQuality "1"]
[WhiteTeam "Rostock Makkabi"]
[BlackTeam "Wittenberge"]
[WhiteTeamCountry "GER"]
[BlackTeamCountry "GER"]

1. d4 d5 2. c4 c6 3. Nf3 Nf6 4. Nc3 h6 5. Bf4 e6 6. e3 Bd6 7. c5 Bxf4 8. exf4 0-0 9. Bd3 Qc7 10. g3 b6 11. b4 bxc5 12. bxc5 Ba6 13. 0-0 Bxd3 14. Qxd3 a5 15. Na4 Nbd7 16. Rab1 Rfb8 17. Nd2 Rb4 18. Nc3 Rab8 19. a3 Rxb1 20. Rxb1 Rxb1+ 21. Qxb1 Qa7 22. Na4 Qb8 23. Qxb8+ Nxb8 24. Nb3 g5 25. fxg5 hxg5 26. Nxa5 Ne4 27. Nb3 g4 28. Kg2 Ng5 29. Nd2 Na6 30. f4 gxf3+ 31. Nxf3 f6 32. Nxg5 fxg5 33. Kf3 Kg7 34. g4 Nc7 35. Nc3 Kf6 36. a4 e5 37. Ne2 Na6 38. a5 exd4 39. Nxd4 Nxc5 40. Nxc6 Ke6 41. Nb4 Na4 42. a6 Nb6 43. Ke3 Ke5 44. a7 d4+ 45. Kf3 Na8 46. Kg3 Ke4 47. h4 gxh4+ 48. Kxh4 d3 49. Nxd3 Kxd3 50. g5 1-0

[Event "GER-chT Christmas U16 Steinitz"]
[Site "Playchess.com INT"]
[Date "2020.12.28"]
[Round "3.2"]
[White "Roeste, Hugo"]
[Black "Gottwald, Patrick"]
[Result "1/2-1/2"]
[WhiteElo "1597"]
[BlackElo "1526"]
[PlyCount "75"]
[EventDate "2020.12.28"]
[EventType "team-swiss (blitz)"]
[EventRounds "7"]
[EventCountry "GER"]
[SourceTitle "CBM 200 Extra"]
[Source "ChessBase"]
[SourceDate "2021.03.31"]
[SourceVersion "1"]
[SourceVersionDate "2021.03.31"]
[SourceQuality "1"]
[WhiteTeam "Rostock Makkabi"]
[BlackTeam "Kuppenheim"]
[WhiteTeamCountry "GER"]
[BlackTeamCountry "GER"]

1. d4 Nf6 2. c4 g6 3. Nc3 Bg7 4. Nf3 d6 5. Bg5 0-0 6. e3 Nbd7 7. Bd3 e5 8. d5 Nc5 9. e4 Bd7 10. 0-0 c6 11. Re1 Qc7 12. h3 Nh5 13. Bc2 h6 14. Be3 Rad8 15. a3 a5 16. Rb1 Nf6 17. b4 axb4 18. axb4 Na6 19. dxc6 bxc6 20. Qd2 Rb8 21. c5 Nxb4 22. cxd6 Qa5 23. Ra1 Qd8 24. Nxe5 Nxe4 25. Nxe4 Bxe5 26. Rab1 Nxc2 27. Qxc2 Rxb1 28. Rxb1 Bf5 29. g4 Bxe4 30. Qxe4 Qxd6 31. Rc1 Rc8 32. Bc5 Qd5 33. Qc2 Rd8 34. Be3 Rc8 35. Rd1 Qe6 36. Rc1 Bd6 37. Qc4 Qxc4 38. Rxc4 1/2-1/2

[Event "GER-chT Lands U20"]
[Site "Wuerzburg"]
[Date "2019.10.04"]
[Round "4.8"]
[White "Roeste, Hugo"]
[Black "Kobald, Jacqueline"]
[Result "0-1"]
[WhiteElo "1565"]
[BlackElo "1885"]
[PlyCount "92"]
[EventDate "2019.10.01"]
[EventType "team-swiss"]
[EventRounds "7"]
[EventCountry "GER"]
[SourceTitle "EXT 2020"]
[Source "ChessBase"]
[SourceDate "2019.10.17"]
[SourceVersion "1"]
[SourceVersionDate "2019.10.17"]
[SourceQuality "1"]
[WhiteTeam "Mecklenburg Vorpommern"]
[BlackTeam "Wuerttemberg"]
[WhiteTeamCountry "GER"]
[BlackTeamCountry "GER"]

1. d4 Nf6 2. c4 g6 3. Nc3 Bg7 4. e4 d6 5. f3 0-0 6. Be3 c5 7. d5 e6 8. Qd2 exd5 9. cxd5 a6 10. a4 Nbd7 11. Bd3 Ne5 12. Nge2 Bd7 13. b3 Qc7 14. 0-0 Rab8 15. a5 Rfc8 16. Bf4 Nh5 17. Bxe5 Bxe5 18. Ra2 Rf8 19. Na4 Bxa4 20. Rxa4 Bg7 21. Ra2 Qe7 22. b4 Rfc8 23. bxc5 Rxc5 24. Rc1 Rbc8 25. Rac2 Rxc2 26. Rxc2 Rxc2 27. Qxc2 Qd8 28. Qd2 Qc7 29. Qb4 Bf6 30. Kf1 Bd8 31. Qb6 Qxb6 32. axb6 Bxb6 33. Ke1 Ba5+ 34. Kd1 Kf8 35. Kc2 Ke7 36. Kb3 Kd7 37. Kc4 Kc7 38. f4 Nf6 39. h3 h5 40. Nd4 Nd7 41. Nf3 b5+ 42. Kd4 Bb6+ 43. Kc3 Be3 44. f5 gxf5 45. exf5 Nf6 46. Nd4 Nxd5+ 0-1

[Event "GER-ch U14"]
[Site "Willingen"]
[Date "2019.06.14"]
[Round "8"]
[White "Haufe, Laurin"]
[Black "Roeste, Hugo"]
[Result "1-0"]
[WhiteElo "1995"]
[BlackElo "1466"]
[PlyCount "129"]
[EventDate "2019.06.08"]
[EventType "swiss"]
[EventRounds "9"]
[EventCountry "GER"]
[SourceTitle "CBM 191 Extra"]
[Source "ChessBase"]
[SourceDate "2019.09.30"]
[SourceVersion "1"]
[SourceVersionDate "2019.09.30"]
[SourceQuality "1"]

1. e4 c5 2. Nf3 Nc6 3. Nc3 e6 4. d4 cxd4 5. Nxd4 a6 6. Be3 Qc7 7. Be2 Nf6 8. a3 Be7 9. 0-0 0-0 10. f4 d6 11. Kh1 b5 12. Bf3 Bb7 13. Nxc6 Bxc6 14. Qe2 Qb7 15. Bg1 Rfd8 16. Rfe1 d5 17. e5 Nd7 18. Na2 Nb6 19. c3 a5 20. Nc1 Nc4 21. Nb3 h6 22. Nc5 Qc7 23. b4 a4 24. Red1 Nb6 25. Bd4 Nd7 26. Nxd7 Bxd7 27. Qf2 Rdc8 28. Be2 Qc6 29. Bd3 Bd8 30. Rac1 Ra6 31. Qe3 Bb6 32. Rc2 Qb7 33. Rdc1 Bxd4 34. cxd4 Rac6 35. Rc5 Rxc5 36. Rxc5 Rxc5 37. dxc5 Bc6 38. Kg1 Qe7 39. g3 Qd7 40. Qd4 Kf8 41. Kf2 Kg8 42. Ke1 Kf8 43. Kd2 Kg8 44. Kc3 Kf8 45. Qe3 Kg8 46. Kd4 Qe7 47. Qe2 Qe8 48. Qg4 Qe7 49. Qe2 Qe8 50. h4 g6 51. Qg4 Kg7 52. h5 Bd7 53. Qh4 Bc6 54. Qf6+ Kh7 55. g4 Bd7 56. f5 exf5 57. hxg6+ fxg6 58. gxf5 gxf5 59. Bxf5+ Bxf5 60. Qxf5+ Kg7 61. Qf6+ Kh7 62. e6 Qc8 63. Kxd5 Qa8+ 64. c6 h5 65. Qf7+ 1-0

[Event "GER-ch U14"]
[Site "Willingen"]
[Date "2019.06.10"]
[Round "3"]
[White "Haack, Kevin"]
[Black "Roeste, Hugo"]
[Result "0-1"]
[WhiteElo "2033"]
[BlackElo "1466"]
[PlyCount "116"]
[EventDate "2019.06.08"]
[EventType "swiss"]
[EventRounds "9"]
[EventCountry "GER"]
[SourceTitle "CBM 191 Extra"]
[Source "ChessBase"]
[SourceDate "2019.09.30"]
[SourceVersion "1"]
[SourceVersionDate "2019.09.30"]
[SourceQuality "1"]

1. c4 e5 2. Nc3 Nf6 3. Nf3 Nc6 4. g3 Nd4 5. Bg2 Nxf3+ 6. Bxf3 Bb4 7. d4 e4 8. Bg2 h6 9. Bd2 Bxc3 10. Bxc3 0-0 11. 0-0 d5 12. cxd5 Qxd5 13. Qc2 c6 14. b3 Bf5 15. Rac1 Qd7 16. d5 cxd5 17. Bxf6 gxf6 18. Qd2 Kg7 19. Rfd1 Rfd8 20. Qf4 Qe6 21. Rc7 b6 22. Rdc1 Qe5 23. Rb7 Qxf4 24. gxf4 Rd7 25. Rxd7 Bxd7 26. Rc7 Be6 27. f3 f5 28. Kf2 a6 29. Rb7 b5 30. Rb6 Kf8 31. Ke3 Ke7 32. Kd4 Kd7 33. Ke5 Ra7 34. Rd6+ Ke7 35. Rb6 Kd7 36. fxe4 dxe4 37. Bh3 Rc7 38. Rxa6 Rc2 39. e3 Rxh2 40. Bf1 b4 41. Bc4 h5 42. Bxe6+ fxe6 43. Ra7+ Kc6 44. Kxe6 Re2 45. Kxf5 Rxe3 46. Rh7 Re2 47. Rxh5 Kd5 48. Rh1 e3 49. Kg4 Ke4 50. Kg3 Rxa2 51. Rf1 e2 52. Rh1 Ke3 53. f5 Rd2 54. f6 Rd1 55. f7 Rxh1 56. f8Q e1Q+ 57. Kg4 Qg1+ 58. Kf5 Qf2+ 0-1

[Event "Mecklenburg VP-ch U14"]
[Site "Malchow"]
[Date "2019.02.06"]
[Round "7.1"]
[White "Bress, Aaron"]
[Black "Roeste, Hugo"]
[Result "1/2-1/2"]
[WhiteElo "1760"]
[BlackElo "1472"]
[PlyCount "57"]
[EventDate "2019.02.02"]
[EventType "swiss"]
[EventRounds "7"]
[EventCountry "GER"]
[SourceTitle "EXT 2022"]
[Source "ChessBase"]
[SourceDate "2021.10.06"]
[SourceVersion "1"]
[SourceVersionDate "2021.10.06"]
[SourceQuality "1"]

1. e4 c5 2. Nf3 a6 3. c4 Nc6 4. Nc3 e6 5. d4 cxd4 6. Nxd4 Qc7 7. Be2 Nf6 8. 0-0 Be7 9. Be3 0-0 10. Kh1 b6 11. Rc1 Bb7 12. f3 Rac8 13. Qe1 Bc5 14. Qf2 Nxd4 15. Bxd4 Bxd4 16. Qxd4 Qc5 17. Qd2 Rfd8 18. Rfd1 h6 19. Qf4 Qg5 20. Qxg5 hxg5 21. e5 Nh7 22. Rd6 Bc6 23. Rcd1 f5 24. exf6 gxf6 25. Kg1 Kf7 26. b4 Ke7 27. a4 Rb8 28. R6d2 a5 29. b5 1/2-1/2

[Event "Mecklenburg VP-ch U14"]
[Site "Malchow"]
[Date "2019.02.05"]
[Round "5.2"]
[White "Roeste, Hugo"]
[Black "Kruse, Johannes"]
[Result "1-0"]
[WhiteElo "1472"]
[BlackElo "1454"]
[PlyCount "49"]
[EventDate "2019.02.02"]
[EventType "swiss"]
[EventRounds "7"]
[EventCountry "GER"]
[SourceTitle "EXT 2022"]
[Source "ChessBase"]
[SourceDate "2021.10.06"]
[SourceVersion "1"]
[SourceVersionDate "2021.10.06"]
[SourceQuality "1"]

1. d4 d5 2. c4 e6 3. Nc3 Nf6 4. Bg5 Nbd7 5. Nf3 Be7 6. e3 0-0 7. cxd5 Nxd5 8. Nxd5 exd5 9. Bxe7 Qxe7 10. Qc2 c6 11. Bd3 h6 12. 0-0 Nf6 13. Rab1 Be6 14. b4 a5 15. b5 Rfc8 16. bxc6 bxc6 17. Rfc1 Bd7 18. Rb6 Qd8 19. Rcb1 Rab8 20. Rxb8 Rxb8 21. Ne5 Rc8 22. h3 Ne8 23. Nxd7 Qxd7 24. Bf5 Qc7 25. Bxc8 1-0

[Event "Mecklenburg VP-ch U14"]
[Site "Malchow"]
[Date "2019.02.04"]
[Round "4.2"]
[White "Tovmasyan, Minas"]
[Black "Roeste, Hugo"]
[Result "0-1"]
[WhiteElo "1594"]
[BlackElo "1472"]
[PlyCount "80"]
[EventDate "2019.02.02"]
[EventType "swiss"]
[EventRounds "7"]
[EventCountry "GER"]
[SourceTitle "EXT 2022"]
[Source "ChessBase"]
[SourceDate "2021.10.06"]
[SourceVersion "1"]
[SourceVersionDate "2021.10.06"]
[SourceQuality "1"]

1. Nf3 c5 2. c4 e6 3. g3 Nc6 4. Bg2 Nf6 5. Nc3 a6 6. d3 d5 7. cxd5 exd5 8. d4 b6 9. 0-0 Be6 10. dxc5 bxc5 11. Ng5 h6 12. Nxe6 fxe6 13. Re1 Rc8 14. Qc2 Qc7 15. e3 Bd6 16. Ne2 0-0 17. b3 Nb4 18. Qd2 Be5 19. Bb2 Bxb2 20. Qxb2 Nd3 21. Qc2 Nxe1 22. Rxe1 Qd7 23. Rd1 c4 24. b4 Rfe8 25. Nf4 Rb8 26. a3 Qf7 27. h4 Ra8 28. f3 a5 29. e4 axb4 30. axb4 Ra6 31. exd5 exd5 32. Bf1 Kh8 33. Ng6+ Kg8 34. Nf4 Rd8 35. Bxc4 Rc6 36. Nxd5 Nxd5 37. Qb3 Rcd6 38. b5 Kh8 39. b6 Qb7 40. Qa2 Qxb6+ 0-1

[Event "Mecklenburg VP-ch U14"]
[Site "Malchow"]
[Date "2018.02.07"]
[Round "6.5"]
[White "Lange, Antonius"]
[Black "Roeste, Hugo"]
[Result "1/2-1/2"]
[WhiteElo "1249"]
[BlackElo "1472"]
[PlyCount "113"]
[EventDate "2018.02.07"]
[EventType "swiss"]
[EventRounds "7"]
[EventCountry "GER"]
[SourceTitle "EXT 2022"]
[Source "ChessBase"]
[SourceDate "2021.10.06"]
[SourceVersion "1"]
[SourceVersionDate "2021.10.06"]
[SourceQuality "1"]

1. e4 c5 2. Nf3 e6 3. Bc4 a6 4. a4 Qc7 5. Nc3 Nc6 6. d3 Nf6 7. Bg5 Be7 8. 0-0 b6 9. Re1 d6 10. d4 cxd4 11. Nxd4 Nxd4 12. Qxd4 0-0 13. Bb3 Bb7 14. Bxf6 Bxf6 15. Qd3 Rac8 16. Nd1 Rfd8 17. c4 Qd7 18. Nc3 Bxc3 19. bxc3 h6 20. Red1 Qc6 21. f3 Rd7 22. Ra2 a5 23. Kh1 Ba6 24. Ra3 Bxc4 25. Bxc4 Qxc4 26. Qxc4 Rxc4 27. h3 Kf8 28. Kg1 Ke7 29. Kf2 Rdc7 30. Rd3 R7c6 31. Ke3 Kf6 32. Kf4 R4c5 33. g4 g5+ 34. Ke3 Ke5 35. Rb3 d5 36. exd5 Rxd5 37. Rxd5+ Kxd5 38. Kd3 Ke5 39. Ke3 f5 40. gxf5 exf5 41. Rb5+ Kf6 42. Kd3 h5 43. Rb2 Rd6+ 44. Ke3 Ke5 45. Rb5+ Ke6 46. Rb1 Kd7 47. Rg1 Rg6 48. h4 g4 49. Kf4 Ke6 50. fxg4 fxg4 51. Ke4 Rf6 52. Rg3 Rf3 53. Rxf3 gxf3 54. Kxf3 Kf5 55. c4 Ke5 56. Ke3 Kf5 57. Kf3 1/2-1/2

[Event "Mecklenburg VP-ch U14"]
[Site "Malchow"]
[Date "2018.02.07"]
[Round "2.3"]
[White "Roeste, Hugo"]
[Black "Bress, Aaron"]
[Result "0-1"]
[WhiteElo "1472"]
[BlackElo "1623"]
[PlyCount "36"]
[EventDate "2018.02.07"]
[EventType "swiss"]
[EventRounds "7"]
[EventCountry "GER"]
[SourceTitle "EXT 2022"]
[Source "ChessBase"]
[SourceDate "2021.10.06"]
[SourceVersion "1"]
[SourceVersionDate "2021.10.06"]
[SourceQuality "1"]

1. d4 Nf6 2. c4 g6 3. Nc3 d5 4. cxd5 Nxd5 5. e4 Nxc3 6. bxc3 Bg7 7. Nf3 c5 8. Be3 Nc6 9. Bb5 Qa5 10. Bxc6+ bxc6 11. Qc2 Ba6 12. 0-0-0 Rb8 13. Rhe1 Qa3+ 14. Kd2 Rb2 15. Ra1 Rxc2+ 16. Kxc2 Qa4+ 17. Kd2 Qc4 18. Kc2 0-0 0-1

[Event "Mecklenburg VP-ch Youth"]
[Site "Malchow"]
[Date "2017.02.14"]
[Round "1.4"]
[White "Roeste, Hugo"]
[Black "Engel, Benedikt"]
[Result "1-0"]
[WhiteElo "1232"]
[BlackElo "917"]
[PlyCount "69"]
[EventDate "2017.02.08"]
[EventType "swiss"]
[EventRounds "7"]
[EventCountry "GER"]
[SourceTitle "EXT 2022"]
[Source "ChessBase"]
[SourceDate "2021.10.06"]
[SourceVersion "1"]
[SourceVersionDate "2021.10.06"]
[SourceQuality "1"]

1. d4 d5 2. c4 e6 3. Nc3 Nf6 4. Bg5 Nbd7 5. e3 c6 6. Nf3 Qa5 7. Bxf6 Nxf6 8. Bd3 Bb4 9. Qc2 g6 10. 0-0 0-0 11. a3 Bd6 12. b4 Qc7 13. c5 Be7 14. Ne5 Bd8 15. Be2 a6 16. a4 b5 17. axb5 cxb5 18. Nxb5 Qb7 19. Nd6 Qxb4 20. Nxc8 Rxc8 21. Bxa6 Ra8 22. Nc6 Qc4 23. Bxc4 Bc7 24. Bd3 Rfe8 25. Ra7 Rxa7 26. Nxa7 Ra8 27. Nb5 Bd8 28. c6 Ne8 29. Rc1 Rc8 30. f3 f5 31. e4 Kf7 32. exd5 exd5 33. Bxf5 gxf5 34. Qxf5+ Kg8 35. Qxc8 1-0

[Event "Mecklenburg VP-ch Youth"]
[Site "Malchow"]
[Date "2017.02.14"]
[Round "4.6"]
[White "Roeste, Hugo"]
[Black "Stadach, Bo Uwe"]
[Result "1-0"]
[WhiteElo "1232"]
[BlackElo "949"]
[PlyCount "67"]
[EventDate "2017.02.08"]
[EventType "swiss"]
[EventRounds "7"]
[EventCountry "GER"]
[SourceTitle "EXT 2022"]
[Source "ChessBase"]
[SourceDate "2021.10.06"]
[SourceVersion "1"]
[SourceVersionDate "2021.10.06"]
[SourceQuality "1"]

1. d4 Nf6 2. c4 g6 3. Nc3 Bg7 4. e4 d6 5. f3 Bd7 6. Be3 e5 7. d5 c6 8. Bd3 0-0 9. Nge2 b5 10. cxb5 cxb5 11. Bxb5 Bxb5 12. Nxb5 Qa5+ 13. Nbc3 Nbd7 14. 0-0 Rab8 15. b3 Nc5 16. Rb1 Rfc8 17. a4 Qa6 18. Nb5 Qa5 19. Nxd6 Rd8 20. Nc4 Qb4 21. Bxc5 Qxc5+ 22. Kh1 Nh5 23. Rc1 Bh6 24. Rb1 Bf4 25. Nxf4 Nxf4 26. Nxe5 Qd6 27. Nc6 Rb6 28. Nxd8 Qxd8 29. Qd2 Qg5 30. g3 Rf6 31. gxf4 Rxf4 32. d6 Qe5 33. d7 Rh4 34. d8Q+ 1-0

[Event "Mecklenburg VP U12"]
[Site "Malchow"]
[Date "2016.02.08"]
[Round "1.8"]
[White "Engel, Benedikt"]
[Black "Roeste, Hugo"]
[Result "0-1"]
[WhiteElo "845"]
[BlackElo "1104"]
[PlyCount "58"]
[EventDate "2016.02.02"]
[EventType "swiss"]
[EventRounds "7"]
[EventCountry "GER"]
[SourceTitle "EXT 2024"]
[Source "ChessBase"]
[SourceDate "2023.10.10"]
[SourceVersion "1"]
[SourceVersionDate "2023.10.10"]
[SourceQuality "1"]

1. d4 d5 2. Nf3 Nf6 3. Bf4 c6 4. e3 Bg4 5. Be2 e6 6. 0-0 Bd6 7. Ne5 Bxe2 8. Qxe2 Bxe5 9. Bxe5 Nbd7 10. Bxf6 Nxf6 11. Nc3 0-0 12. a4 Rc8 13. b4 Qe7 14. Rfb1 a6 15. a5 e5 16. Qd2 Nh5 17. e4 Rfd8 18. b5 axb5 19. exd5 Nf6 20. dxc6 bxc6 21. Na2 Rxd4 22. Qe3 Nd5 23. Qf3 f6 24. Nc3 Qc5 25. Nxd5 Qxd5 26. Qh5 Rd2 27. Rc1 Qc5 28. h3 Qxf2+ 29. Kh2 Qxg2# 0-1

[Event "Mecklenburg VP U12"]
[Site "Malchow"]
[Date "2016.02.08"]
[Round "5.8"]
[White "Ivanov, Maksim4444"]
[Black "Roeste, Hugo"]
[Result "0-1"]
[WhiteElo "954"]
[BlackElo "1104"]
[PlyCount "94"]
[EventDate "2016.02.02"]
[EventType "swiss"]
[EventRounds "7"]
[EventCountry "GER"]
[SourceTitle "EXT 2024"]
[Source "ChessBase"]
[SourceDate "2023.10.10"]
[SourceVersion "1"]
[SourceVersionDate "2023.10.10"]
[SourceQuality "1"]

1. d4 d5 2. c4 e6 3. Nc3 Nf6 4. Nf3 Nbd7 5. Bf4 Be7 6. e3 0-0 7. cxd5 exd5 8. Bd3 Bb4 9. a3 Bxc3+ 10. bxc3 b6 11. 0-0 Bb7 12. Ne5 Re8 13. Nxd7 Qxd7 14. Be5 Ng4 15. Bf4 f6 16. h3 Nh6 17. Bxh6 gxh6 18. Qg4+ Qxg4 19. hxg4 Bc8 20. Bf5 Bxf5 21. gxf5 Kf7 22. Rfe1 Rg8 23. e4 dxe4 24. Rxe4 Rae8 25. Rae1 Rxe4 26. Rxe4 Rg5 27. g4 h5 28. f3 hxg4 29. fxg4 h5 30. Rf4 hxg4 31. Kg2 Ke7 32. Kg3 Kd6 33. Rxg4 Rxf5 34. c4 Ra5 35. Kh4 Rxa3 36. Rf4 Ke6 37. Re4+ Kd7 38. Rf4 Ra4 39. Rxf6 Rxc4 40. Rf7+ Kc6 41. Rf6+ Kb7 42. Rf4 c5 43. Kg3 Rxd4 44. Rf7+ Ka6 45. Rf3 Kb5 46. Rb3+ Kc4 47. Ra3 Rd3+ 0-1